Statistics for Last Words: Metal Gear Solid

Click here to take the quiz!

General Stats

  • This quiz has been taken 125 times
  • The average score is 25 of 42

Answer Stats

GameLast WordsCharacter% Correct
Metal Gear Solid"Fox...?"Liquid Snake
91%
Metal Gear Solid 3: Snake Eater"There's room for only one Boss and one Snake"The Boss
91%
Metal Gear Solid 2: Sons of Liberty"Please call me... Emma"Emma Emmerich
86%
Metal Gear Solid"Everyone's here. Okay, hero. Set me free"Sniper Wolf
86%
Metal Gear Solid 4: Guns of the Patriots"You're pretty good"Ocelot
85%
Metal Gear Solid 2: Sons of Liberty"Good work, Jack! But this is where it gets interesting!"Solidus Snake
85%
Metal Gear Solid"This is the first time... I've ever used my power to help someone. It's strange... It feels... kind of... nice"Psycho Mantis
84%
Metal Gear Solid 4: Guns of the Patriots"This is good. Isn't it?"Big Boss
81%
Metal Gear Solid"Fighting was the only thing... the only thing I was good at, but... At least I always fought for what I believed in. Snake, farewell"Gray Fox
81%
Metal Gear Solid 3: Snake Eater"The fear! The fear! I see it!! The fear!"The Fear
80%
Metal Gear Solid 3: Snake Eater"The pain... the pain... THE PAIN!!!"The Pain
80%
Metal Gear Solid"Hear me, Snake! My spirit will be watching you!"Vulcan Raven
78%
Metal Gear Solid 3: Snake Eater"I have no regrets. I can return to the forest at last"The End
75%
Metal Gear Solid 3: Snake Eater"The spirit of the warrior will always be with you. Don't worry. We'll meet again some day"The Sorrow
75%
Metal Gear Solid 5: Ground Zeroes"There's another... in my..."Paz Ortega Andrade
74%
Metal Gear Solid 3: Snake Eater"Who's afraid of a little thunder?"Volgin
74%
Metal Gear Solid 2: Sons of Liberty"Laugh and grow fat!"Fatman
73%
Metal Gear Solid 3: Snake Eater"I see the Earth"The Fury
72%
Metal Gear Solid 5: Phantom Pain"Kill me! Kill me! You... You do it"Skull Face
68%
Metal Gear Solid 2: Sons of Liberty"Live... You have to..."Olga Gurlukovich
64%
Metal Gear Solid 4: Guns of the Patriots"I can... Die?"Vamp
63%
Metal Gear Solid 2: Sons of Liberty"I can... see my family... again"Fortune
59%
Metal Gear Solid 4: Guns of the Patriots"I won't laugh anymore. I can't. I don't want to"Laughing Octopus
58%
Metal Gear Solid 4: Guns of the Patriots"Promise... Promise me... You'll carry on... Our will"Naomi Hunter
54%
Metal Gear Solid 2: Sons of Liberty"Olga..."Sergei Gurlukovich
53%
Metal Gear Solid 4: Guns of the Patriots"So cry. As much as you like. I... will be there to listen"Crying Wolf
52%
Metal Gear Rising: Revengeance"Deep inside... we're kindred spirits... you... and I"Steven Armstrong
52%
Metal Gear Solid 4: Guns of the Patriots"Come. Let your anger flow"Raging Raven
51%
Metal Gear Solid 4: Guns of the Patriots"The light must be extinquished. And when that happens... You... Will be... Too"EVA
48%
Metal Gear Solid"They... they're just using you for..."Kenneth Baker
48%
Metal Gear Solid 4: Guns of the Patriots"Now... Get out of my body. Forgive me. Set me free!"Screaming Mantis
46%
Metal Gear Rising: Revengeance"Wind blows, rain falls... The strong... prey... on the weak.. All... is as it should... be"Monsoon
40%
Metal Gear Solid 2: Sons of Liberty"Do it. I know you can."Peter Stillman
38%
Metal Gear Solid 2: Sons of Liberty"Find Emma... stop Arsenal. This is my last order as your commander-in-chief. I'm counting on you"James Johnson
37%
Metal Gear Solid 2: Sons of Liberty"You... you... You tricked me! I understand now. Ocelot... you're..."Richard Ames
37%
Metal Gear Rising: Revengeance"Je t'aime... dé tout mon coeur"Mistral
36%
Metal Gear Rising: Revengeance"Up to you now, Sam"Sundowner
35%
Metal Gear Solid: Portable Ops"Be loyal to yourself. Go forth... And find your own calling"Gene
28%
Metal Gear Solid: Peace Walker"Pea...ce..."Hot Coldman
25%
Metal Gear Solid 5: Phantom Pain"I think... I hear... your pulse"Strangelove
22%
Metal Gear Solid: Peace Walker"V for Victory! Rocket Peace!"Vladimir Zadornov
17%
Metal Gear Solid: Portable Ops"But I'm not going to die alone. I'm taking you with me!"Cunningham
16%

Score Distribution

Percentile by Number Answered

Percent of People with Each Score

Your Score History

You have not taken this quiz